With poor immigrants to America /

Bibliographic Details
Main Author: Graham, Stephen, 1884-1975
Format: Book
Language:English
Published: New York : Macmillan, 1914.
Subjects:

MARC

Tag First Indicator Second Indicator Subfields
LEADER 00000cam a2200000 4500
001 in00000056591
005 20151008050338.0
008 740926s1914 nyu 00000 eng u
010 |a  14015813  
035 |a (OCoLC)01022493 
035 |9 AAG0559AM 
040 |c RGC  |d TXA  |d UtOrBLW 
049 |a TXAM  |c [8663] 
050 0 |a E168  |b .G74 
082 0 |a 917.3/04/913 
092 |a 325.73  |b G74 
100 1 |a Graham, Stephen,  |d 1884-1975. 
245 1 0 |a With poor immigrants to America /  |c by Stephen Graham ... with 32 illustrations from photographs by the author. 
264 1 |a New York :  |b Macmillan,  |c 1914. 
300 |a xviii, 306 pages :  |b illustrations ;  |c 21 cm. 
336 |a text  |b txt  |2 rdacontent 
337 |a unmediated  |b n  |2 rdamedia 
338 |a volume  |b nc  |2 rdacarrier 
651 0 |a United States  |v Aerial views. 
651 0 |a United States  |x Social life and customs. 
651 0 |a United States  |x Emigration and immigration. 
651 0 |a United States  |v Pictorial works. 
999 |a MARS 
999 f f |s fa84d323-a6dc-3168-8a0f-b39db63e21a3  |i 91852600-803a-336d-8b54-52f4fd12b20f  |t 0 
952 f f |p ric  |a Texas A&M University  |b Rellis Campus  |c Joint Library Facility  |d Remote Storage  |t 0  |e E168 .G74  |h Library of Congress classification  |i unmediated -- volume  |m A14800672105 
998 f f |a E168 .G74  |t 0  |l Remote Storage